Statistics for 2017 PDC Players Championship 3 countries

Click here to take the quiz!

General Stats

  • This quiz has been taken 6 times
  • The average score is 13 of 15

Answer Stats

PlayersAnswer% Correct
70England
100%
19Netherlands
100%
7Scotland
100%
6Wales
100%
3Ireland
100%
3Austria
100%
3Australia
100%
2Germany
100%
1Canada
100%
4Northern Ireland
80%
4Belgium
80%
2Spain
80%
1Japan
80%
2South Africa
60%
1Greece
60%

Score Distribution

Percentile by Number Answered

Percent of People with Each Score

Your Score History

You have not taken this quiz